000 00424nam a2200133 4500
999 _c10341
_d10341
008 180822b ||||| |||| 00| 0 eng d
022 _a16565649
082 _aDPer 303.405 H22 June -Sept 2016 v.12 n. 7-10
245 _aGaming perfection.
260 _aQuezon City:
_bHardware Zone Phils. Corp.,
_c©June -Sept 2016.
300 _av12 n7, page 28:
_billustrations;
_c28 cm.
650 0 _930452
_aTechnology
942 _2ddc
_cPER